000 00284nam a2200109Ia 4500
008 220216s9999 xx 000 0 und d
100 _aKrieger Bernard
245 0 _aAdvances in microwave curing technology
260 _bRubber and Plastics News
_c1993
300 _a71-77
942 _cJS
999 _c53876
_d53876